000 00629nam a2200205Ia 4500
003 IN-BaIIA
008 211028s9999 xx 000 0 eng d
020 _a0-205-05571-0
040 _cIIA Library
080 _a521.1
_bROS
100 _aRosemergy, John C
_99572
245 0 _aCelestial horizons
_ba concise view of the universe
_cJohn C Rosemergy
260 _aBoston
_bAllyn and Bacon
_c1977
300 _ax, 260p.
650 _aAstronomy and astrophysics thesaurus
650 _aCelestial mechanics
650 _aCelestial sphere
_91503
650 _aUniverse
_91987
942 _cBK
999 _c5513
_d5513